000 00552nam a2200181Ia 4500
008 090630s9999 xx 000 0 und d
082 _b10298
100 _aफळणीकर अनिल.
245 _aप्रेमिक.
_cफळणीकर अनिल.
260 _bप्रिया.
_c1976
300 _a188
600 _aफळणीकर अनिल.
630 _aप्रेमिक.
655 _aकादंबरी.
700 _aफळणीकर अनिल.
730 _aप्रेमिक.
942 _cBOOK
999 _c262154
_d262154